Quiz sur la Moselle - Statistiques

Statistiques générales
  • Ce quiz a été pris 349 fois
  • Le résultat moyen est 14 sur 20
Statistiques - réponses
Question Réponse % Correct
Numéro du département 57
99%
Région Grand-Est
99%
Préfecture et plus grande ville Metz
98%
Pays frontaliers Allemagne
96%
Luxembourg
96%
Départements limitrophes Meurthe-et-Moselle
91%
Fruit emblématique du département que l'on fête tous les ans dans la préfecture. La mirabelle
82%
Bas-Rhin
81%
Parc naturel régional qui a la particularité d'être séparé en deux parties et qui porte le nom de l'ancienne région administrative. Parc naturel régional de Lorraine
79%
Thionville
78%
Commune qui dispose d'un fort potentiel touristique grâce à ses thermes, son parc zoologique, sa piste de de ski ou encore son golf. Amnéville
72%
Sous-préfectures Forbach
67%
Musée parisien ayant une extension dans le département. Le Centre Pompidou
66%
Sarreguemines
66%
Gentilé Mosellans
62%
Sarrebourg
54%
Chanteuse native de Moselle ayant représenté la France au Concours de l'Eurovision et ayant vendu plus de 17 millions d'albums dans le monde. Patricia Kaas
51%
Commune ayant donné son nom à un territoire relié au reste du département par un couloir de 5 km seulement. Bitche
29%
Traité de 1871 qui légua le département au pays voisin. Traité de Francfort
15%
Nombre d'habitants (arrondi à la dizaine de milliers d'habitants) 1 040 000 (1 043 522)
12%
Aucun quiz correspondant
Distribution des résultats
% des personnes avec chaque résultat
Percentile par nombre de réponses
Votre historique - résultats
Vous n’avez pas pris ce quiz